New Interchange: English for international communication. Work Book 23

Guardat en:
Dades bibliogràfiques
Autors principals: Richards, Jack C (Autor), Hull, Jonathan (Autor), Proctor, Susan (Autor)
Format: Llibre
Idioma:anglès
Publicat: Cambridge Cambridge University 1998
Matèries:
Etiquetes: Afegir etiqueta
Sense etiquetes, Sigues el primer a etiquetar aquest registre!

MARC

LEADER 00000nam a2200000 a 4500
001 UCH3344
003 CL-VaPUC
008 090723e19980000uk |||||||||||||||||eng|d
020 |a 0521628598 
082 0 4 |a 428.8  |b RIC  |2 21 
100 0 |a Richards, Jack C  |e author  |9 538646 
700 0 |a Hull, Jonathan  |e author  |9 538647 
700 0 |a Proctor, Susan  |e author  |9 538648 
245 1 0 |a New Interchange: English for international communication. Work Book 23 
300 |a 96 p 
942 |c BK 
945 |d 20090723 00:00:00  |a dcastane 
260 |a Cambridge  |b Cambridge University  |c 1998 
650 0 |a Lengua inglesa  |9 318842 
650 0 |a Enseñanza del inglés  |9 367340 
650 0 |a Métodos de enseñanza  |9 270413 
583 |a last modification  |c 20130807 01:36:40  |k Rodrigo Vera 
999 |c 334935  |d 334933